<?xml version="1.0" encoding="UTF-8"?>
<marc:record xmlns:marc="http://www.loc.gov/MARC21/slim">
   <marc:leader>00000nam a2200000 a 4500</marc:leader>
   <marc:datafield ind1="1" ind2=" " tag="100">
      <marc:subfield code="a">Mugford, Simon</marc:subfield>
      <marc:subfield code="4">aut</marc:subfield>
      <marc:subfield code="e">Verfasser/-in</marc:subfield>
   </marc:datafield>
   <marc:datafield ind1="1" ind2=" " tag="100">
      <marc:subfield code="a">Thiele, Ulrich</marc:subfield>
      <marc:subfield code="4">trl</marc:subfield>
      <marc:subfield code="e">Übersetzer/-in</marc:subfield>
   </marc:datafield>
   <marc:datafield ind1="1" ind2=" " tag="100">
      <marc:subfield code="a">Green, Dan</marc:subfield>
   </marc:datafield>
   <marc:datafield ind1=" " ind2=" " tag="653">
      <marc:subfield code="a">Lesen</marc:subfield>
   </marc:datafield>
   <marc:datafield ind1="0" ind2="0" tag="245">
      <marc:subfield code="a">Fußball-Stars - Alles über Kane. Vom Fußball-Talent zum Megastar</marc:subfield>
   </marc:datafield>
   <marc:datafield ind1="0" ind2="0" tag="245">
      <marc:subfield code="b">Vom Fußball-Talent zum Megastar</marc:subfield>
   </marc:datafield>
   <marc:datafield ind1="0" ind2="0" tag="245">
      <marc:subfield code="c">Simon Mugford, Dan Green ; aus dem Englischen von Ulrich Thiele</marc:subfield>
   </marc:datafield>
   <marc:datafield ind1=" " ind2="1" tag="264">
      <marc:subfield code="a">Ravensburg</marc:subfield>
      <marc:subfield code="b">Ravensburger Verlag GmbH; Welbeck</marc:subfield>
      <marc:subfield code="c">2025</marc:subfield>
   </marc:datafield>
   <marc:datafield ind1="1" ind2=" " tag="490">
      <marc:subfield code="a">Fußball-Stars</marc:subfield>
   </marc:datafield>
   <marc:datafield ind1=" " ind2=" " tag="250">
      <marc:subfield code="a">Stand der Fachinformationen: September 2024</marc:subfield>
   </marc:datafield>
   <marc:datafield ind1="1" ind2=" " tag="520">
      <marc:subfield code="a">Alles über Kane: Träume, Tore, Titel ##Das perfekte Fußball-Geschenk für Jungen und Mädchen, die gar nicht genug Wissen über Kane sammeln können. In einer Geschichte lesen sie alles über seinen Weg vom kickenden Jungen bis zum Torschützenkönig der Bundesliga: Wollte er immer Profifußballer werden? Bei welchen Vereinen hat er gespielt? Und was waren seine wichtigsten Spiele und Tore? In kindgerechten Statistiken können sie Spannendes über ihr Fußballidol lernen und sich im Kane-Quiz testen. So wird Lesenlernen zum Volltreffer! ##In dieser Erstlesereihe rund um große Fußballstars können Jungen und Mädchen ab 7 Jahren alles über ihre Fußballidole lesen. Kurze Texte und viele Bilder im coolen Comic-Stil sprechen Kinder in der 2. und 3. Klasse an  egal, ob Leseratte oder lesefaul. So lässt sich Fußball und Lesen lernen vereinen! DAS Fußball-Geschenk zu Ostern, Weihnachten oder zum Geburtstag. ##Für weiteren Lesespaß in dieser Reihe sorgen bisher die Bücher über Ronaldo, Mbappé, Messi, Haaland und Lewandowski.</marc:subfield>
   </marc:datafield>
   <marc:datafield ind1=" " ind2=" " tag="020">
      <marc:subfield code="a">9783473464364</marc:subfield>
      <marc:subfield code="9">9783473464364</marc:subfield>
   </marc:datafield>
   <marc:datafield ind1=" " ind2=" " tag="041">
      <marc:subfield code="a">ger</marc:subfield>
   </marc:datafield>
   <marc:datafield ind1=" " ind2=" " tag="300">
      <marc:subfield code="a">128 Seiten; Schwarz-</marc:subfield>
   </marc:datafield>
</marc:record>
